Card, Cross, and Jones criminal law

Bibliographic Details
Main Authors: Card, Richard (Author), Cross, Rupert , 1912-1980 (Author), Jones, P. Asterley [ (Philip Asterley)] , 1914-1978 (Author)
Format: Book
Language:English
Published: Oxford : Oxford University Press , 2006
Edition:17th ed
Subjects:

MARC

LEADER 00000cam a2200000 7i4500
001 0000052688
005 20210105093000.0
008 070830s2006 enk eng
020 |a 0199286663 
020 |a 9780199286669 
050 0 0 |a d21 KD7869   |b .C76 2006 
090 0 0 |a d21 KD7869   |b .C76 2006 
100 1 |a Card, Richard ,   |e author 
245 1 0 |a Card, Cross, and Jones criminal law   |c Richard Card 
250 |a 17th ed 
260 |a Oxford :   |b Oxford University Press ,   |c 2006 
300 |a lxxxvi, 914 p. ;   |c 25 cm. 
504 |a Includes bibliographical references and index 
505 0 0 |a 1. Introduction -- 2. Criminal liability 1: actus reus -- 3. Criminal liability 2: mens rea and miscellaneous matters -- 4. Proof -- 5. Strict liability -- 6. Non-fatal offences against the person -- 7. Homicide and related offences -- 8. Sexual offences -- 9. Offences against property 1: theft and related offences -- 10. Offences against property 2: fraud and offences of handling and other offences under the Theft Acts -- 11. Offences against property 3: other offences against property -- 12. Offences against the administration of justice -- 13. Public order offences -- 14. Weapons offences -- 15. Offences against public morals -- 16. Road traffic offences -- 17. Inchoate offences -- 18. Mental condition defences -- 19. Other general defences -- 20. Participation 
650 0 |a Criminal law   |z England 
700 1 |a Cross, Rupert ,   |d 1912-1980 ,   |e author 
700 1 |a Jones, P. Asterley [  |q (Philip Asterley)] ,   |d 1914-1978 ,   |e author 
740 0 2 |a Criminal law 
999 |a 1000113476   |b Book   |c OPEN SHELF (30 DAYS)   |e Gong Badak Campus